000 00347nam a2200109Ia 4500
008 171211s9999 xx 000 0 und d
245 _aPrecision Spectroscopy in Astrophysics
245 _cAlexandre C. M. Correia, Luca Pasquini, and Nuno C. Santos
260 _c2007
650 _xASTRONOMY
856 _uhttp://down.ebook777.com/063/3540754849.pdf
999 _c349416
_d349416